Most Viewed Songs on Wikipedia - Statistics

General Stats
  • This quiz has been taken 18,935 times
  • The average score is 14 of 30
Answer Stats
Views Artist Song % Correct
16 m Queen Bohemian Rhapsody
90%
21 m PSY Gangnam Style
85%
4.7 m Toto Africa
77%
5.5 m Adele Hello
69%
5.3 m Rick Astley Never Gonna Give You Up
69%
5.0 m Justin Bieber Baby
68%
7.9 m Eagles Hotel California
66%
4.6 m A-ha Take On Me
62%
6.3 m Michael Jackson Billie Jean
61%
8.2 m Luis Fonsi Despacito
61%
5.9 m Whitney Houston I Will Always Love You
56%
8.7 m Led Zeppelin Stairway to Heaven
56%
5.9 m Robin Thicke Blurred Lines
50%
12 m Leonard Cohen Hallelujah
50%
7.4 m The Beatles Hey Jude
49%
5.1 m Michael Jackson Beat It
47%
7.4 m Don McLean American Pie
45%
11 m USA for Africa We Are the World
43%
6.6 m Simon & Garfunkel The Sound of Silence
41%
5.4 m Phil Collins In the Air Tonight
35%
4.9 m Nena 99 Luftballons
33%
5.8 m Billy Joel We Didn't Startthe Fire
29%
6.5 m Eminem Stan
27%
4.7 m Eric Clapton Layla
26%
8.8 m Julie Andrews& Dick Van Dyke Supercalifragilisticexpialidocious
26%
4.5 m The Jimi HendrixExperience All Along theWatchtower
24%
5.9 m Nine Inch Nails Hurt
22%
8.8 m Various artists(Christian hymn) Amazing Grace
17%
4.8 m Roberta Flack Killing Me Softlywith His Song
13%
4.8 m Manfred Mann'sEarth Band Blinded by the Light
10%
No matching quizzes found
Score Distribution
Percent of People with Each Score
Percentile by Number Answered
Your Score History
You have not taken this quiz